<?xml version="1.0" encoding="UTF-8"?><?xml-stylesheet type="text/xsl" href="static/style.xsl"?><OAI-PMH xmlns="http://www.openarchives.org/OAI/2.0/" xmlns:xsi="http://www.w3.org/2001/XMLSchema-instance" xsi:schemaLocation="http://www.openarchives.org/OAI/2.0/ http://www.openarchives.org/OAI/2.0/OAI-PMH.xsd"><responseDate>2026-06-01T04:33:06Z</responseDate><request verb="GetRecord" identifier="oai:riuma.uma.es:10630/15925" metadataPrefix="marc">https://riuma.uma.es/rest/oai/request</request><GetRecord><record><header><identifier>oai:riuma.uma.es:10630/15925</identifier><datestamp>2026-02-03T11:49:27Z</datestamp><setSpec>com_10630_2254</setSpec><setSpec>col_10630_37959</setSpec></header><metadata><record xmlns="http://www.loc.gov/MARC21/slim" xmlns:dcterms="http://purl.org/dc/terms/" xmlns:doc="http://www.lyncode.com/xoai" xmlns:xsi="http://www.w3.org/2001/XMLSchema-instance" xsi:schemaLocation="http://www.loc.gov/MARC21/slim http://www.loc.gov/standards/marcxml/schema/MARC21slim.xsd">
   <leader>00925njm 22002777a 4500</leader>
   <datafield ind2=" " ind1=" " tag="042">
      <subfield code="a">dc</subfield>
   </datafield>
   <datafield ind2=" " ind1=" " tag="720">
      <subfield code="a">Jiménez-Palma, Eva María</subfield>
      <subfield code="e">author</subfield>
   </datafield>
   <datafield ind2=" " ind1=" " tag="260">
      <subfield code="c">2018-06-07</subfield>
   </datafield>
   <datafield ind2=" " ind1=" " tag="520">
      <subfield code="a">La interrelación entre la liquidación de la sociedad conyugal y los derechos&#xd;
sucesorios del cónyuge supérstite ha hecho surgir desde tiempo atrás la necesidad de&#xd;
coordinar sus normas de conflicto, a fin de evitar el fraccionamiento de ley aplicable en&#xd;
la situación jurídica del cónyuge viudo. Si bien el artículo 9.8 i. f. Cc contemplaba -y&#xd;
sigue contemplando para los conflictos internos de leyes- una adaptación conflictual a&#xd;
través de la que se remite a la regulación del régimen matrimonial, los recientes&#xd;
Reglamentos (UE) en materia de sucesiones y de regímenes económicos matrimoniales&#xd;
no lo han solventado. Mientras el primero ha intentado resolverlo a través de una&#xd;
cuestionable adaptación material, el segundo guarda silencio al respecto, aunque bien es&#xd;
cierto que tampoco sería ésta la sede natural para abordar ese problema. Este panorama&#xd;
obliga a reflexionar sobre el alcance y las consecuencias de la adaptación material&#xd;
contemplada en el Reglamento 650/2012, sobre todo en aquellos supuestos en los que la&#xd;
norma de conflicto del Reglamento remita a la Ley de un Estado plurilegislativo como&#xd;
el español.</subfield>
   </datafield>
   <datafield ind1="8" ind2=" " tag="024">
      <subfield code="a">https://hdl.handle.net/10630/15925</subfield>
   </datafield>
   <datafield tag="653" ind2=" " ind1=" ">
      <subfield code="a">Herencia y sucesión</subfield>
   </datafield>
   <datafield ind2="0" ind1="0" tag="245">
      <subfield code="a">Necesaria coordinación entre la Ley aplicable a la liquidación del régimen económico matrimonial y la aplicable a los derechos sucesorios del cónyuge supérstite</subfield>
   </datafield>
</record>
</metadata></record></GetRecord></OAI-PMH>